000 00499nam a2200121Ia 4500
008 220615s9999||||xx |||||||||||||| ||und||
100 _aAndelfinger, Philipp Josef
245 0 _aIdentifying and Harnessing Concurrency for Parallel and Distributed Network Simulation
546 _aEnglish[eng]
650 _aNetworks||Network Simulation||Simulation||Netzwerksimulation||Parallelisierung||GPU||Netzwerke||Parallelization||GPUSimulation
856 _uhttps://www.ksp.kit.edu/9783731505112
942 _cEB
999 _c11886
_d11886